Guess the 1960s song lyrics #20 - Statistics

General Stats
  • This quiz has been taken 28 times
  • The average score is 245 of 387
Answer Stats
Answer % Correct
the
100%
a
95%
I
91%
me
91%
and
86%
And
86%
for
86%
in
86%
on
86%
He
82%
he
82%
No
82%
When
82%
when
82%
you
82%
You
82%
can
77%
Do
77%
do
77%
go
77%
Go
77%
my
77%
My
77%
to
77%
To
77%
Where
77%
Who
77%
by
73%
It's
73%
it's
73%
just
68%
off
68%
put
68%
She
68%
Take
68%
take
68%
What
68%
your
68%
all
64%
free
64%
her
64%
If
64%
is
64%
right
64%
said
64%
Was
64%
was
64%
But
59%
get
59%
him
59%
I'm
59%
know
59%
up
59%
Day
55%
load
55%
now
55%
only
55%
with
55%
Won't
55%
Yeah
55%
down
50%
head
50%
let's
50%
man
50%
nothin
50%
one
50%
you'll
50%
about
45%
favor
45%
find
45%
keep
45%
say
45%
tell
45%
That's
45%
time
45%
will
45%
Come
41%
friend
41%
hand
41%
here
41%
sent
41%
she's
41%
some
41%
There's
41%
went
41%
around
36%
boy
36%
Chester
36%
dog
36%
feeling
36%
gotta
36%
lay
36%
might
36%
minute
36%
saw
36%
Well
36%
back
32%
bed
32%
bout
32%
dead
32%
everyone
32%
Fanny
32%
half
32%
low
32%
Nazareth
32%
needed
32%
past
32%
place
32%
pulled
32%
shook
32%
son
32%
wait
32%
Walking
32%
Carmen
27%
company
27%
Crazy
27%
Devil
27%
feed
27%
grinned
27%
Hey
27%
looking
27%
mister
27%
Moses
27%
ol
27%
peaceful
27%
side
27%
stay
27%
stick
27%
waitin
27%
young
27%
Anna
23%
believe
23%
downtown
23%
hide
23%
Jack
23%
Judgement
23%
Lee
23%
Luke
23%
Luke's
23%
Miss
23%
picked
23%
Regards
23%
bag
18%
cannonball
18%
Catch
18%
caught
18%
line
18%
okay
18%
sinkin
18%
fix
14%
fog
14%
followed
14%
ya
14%
rack
9%
No matching quizzes found
Score Distribution
Percent of People with Each Score
Percentile by Number Answered
Your Score History
You have not taken this quiz